[Event "GAMMA Reykjavik Open 2019"]
[Site "Reykjavik"]
[Date "2019.04.08"]
[Round "1.21"]
[White "Praggnanandhaa R"]
[Black "Maisuradze, Nino"]
[Result "1-0"]
[WhiteElo "2537"]
[BlackElo "2168"]
[Annotator "RC"]
[PlyCount "60"]
[EventDate "2019.04.04"]
[EventType "swiss"]
[EventCountry "ISL"]
[SourceTitle "playchess.com"]
[Source "ChessBase"]
[SourceQuality "1"]
[TimeControl "40/5400+30:1800+30"]

1. g3 {[%emt 0:00:00]} d5 {[%emt 0:00:00]} 2. Bg2 {[%emt 0:00:00]} e5 {[%emt 0:02:39]} 3. d3 {[%emt 0:00:05]} Nf6 {[%emt 0:00:16]} 4. Nd2 {[%emt 0:04:27]} Be7 {[%emt 0:01:22]} 5. Ngf3 {[%emt 0:04:13]} Nc6 {[%emt 0:08:44]} 6. O-O {[%emt 0:02:09]} Bg4 {[%emt 0:05:14]} 7. c4 {[%emt 0:16:59]} Qd7 {[%emt 0:30:27]} 8. a3 {[%emt 0:06:08]} a5 {[%emt 0:00:29]} 9. cxd5 {[%emt 0:10:05]} Nxd5 {[%emt 0:00:08]} 10. Re1 {[%emt 0:07:13]} a4 {[%emt 0:09:25]} 11. b3 {[%emt 0:07:32]} axb3 {[%emt 0:00:33]} 12. Qxb3 {[%emt 0:03:59]} Be6 {[%emt 0:08:41]} 13. Nc4 {[%emt 0:08:05]} Nb6 {[%emt 0:22:17]} 14. Nxb6 {[%emt 0:03:08]} Bxb3 {[%emt 0:00:10]} 15. Nxd7 {[%emt 0:00:09]} Kxd7 {[%emt 0:00:02]} 16. Rb1 {[%emt 0:00:51]} Be6 {[%emt 0:00:14]} 17. Rxb7 {[%emt 0:00:43]} Rhb8 {[%emt 0:01:25]} 18. Rb2 {[%emt 0:08:56]} f6 {[%emt 0:01:29]} 19. Rc2 {[%emt 0:01:54]} Ra6 {[%emt 0:00:40]} 20. e3 {[%emt 0:08:27]} Na7 {[%emt 0:03:36]} 21. d4 {[%emt 0:03:40]} e4 {[%emt 0:00:31]} 22. Nd2 {[%emt 0:00:06]} f5 {[%emt 0:00:03]} 23. f3 {[%emt 0:01:51]} exf3 {[%emt 0:00:14]} 24. Nxf3 {[%emt 0:00:06]} Rb1 {[%emt 0:02:47]} 25. Bf1 {[%emt 0:01:08]} Ra4 {[%emt 0:00:34]} 26. Rc3 {[%emt 0:00:32]} Nb5 {[%emt 0:00:25]} 27. Ne5+ {[%emt 0:00:21]} Kc8 {[%emt 0:00:18]} 28. Rc6 {[%emt 0:00:32]} Bd5 {[%emt 0:00:18]} 29. Bd3 {[%emt 0:00:28]} Rb3 {[%emt 0:00:57]} 30. Bc2 {[%emt 0:00:39]} Bxc6 {[%emt 0:00:33]} 1-0

[Event "GAMMA Reykjavik Open 2019"]
[Site "Reykjavik"]
[Date "2019.04.08"]
[Round "1.22"]
[White "Giacomini, Hector"]
[Black "Gukesh D"]
[Result "0-1"]
[WhiteElo "2167"]
[BlackElo "2536"]
[Annotator "TA"]
[PlyCount "116"]
[EventDate "2019.04.04"]
[EventType "swiss"]
[EventCountry "ISL"]
[SourceTitle "playchess.com"]
[Source "ChessBase"]
[SourceQuality "1"]

{[%evp 19,116,41,58,50,48,41,36,47,52,40,63,12,0,-56,56,58,68,58,62,56,56,46,47,40,83,75,137,74,52,41,43,39,43,39,52,0,0,0,0,-10,86,89,99,39,65,24,31,22,29,-208,-168,-298,-280,-392,-380,-1033,-529,-521,-505,-498,-312,-295,-291,-675,-552,-527,-493,-454,-409,-1089,-1041,-1099,-1178,-1090,-1143,-1027,-1048,-979,-925,-1497,-1511,-1403,-1315,-29988,-1346,-1602,-1593,-1140,-875,-1176,-1144,-6946,-5966,-29961,-29942,-29972,-29972,-29969,-4956]} 1. Nf3 Nf6 2. e3 g6 3. d4 Bg7 4. c4 O-O 5. Be2 d6 6. Nc3 Nbd7 7. O-O e5 8. b4 {[%cal Bb2b4,Bb4b5][%mdl 32]} Re8 9. a4 e4 10. Nd2 Nf8 11. a5 {E61: King's Indian: Early deviations for White, including Smyslov System} a6 12. b5 h5 13. Bb2 {White is slightly better.} (13. bxa6 bxa6 14. Ba3 h4 15. Qc2 Bf5 16. Rfc1 N8h7 17. Qd1 h3 18. g3 Ng5 {1-0 (61) Krysa,L (2529)-Von Bahr,O (2431) Teplice 2018}) 13... h4 14. h3 $146 ({Predecessor:} 14. bxa6 bxa6 15. Rb1 h3 16. g3 N8h7 {½-½ (68) Kaenel,H (2375)-Gerstner,W (2380) Germany 1995}) 14... N8h7 15. Qb3 (15. b6 $14) 15... Ng5 $11 16. Rfc1 (16. b6 $11) 16... Be6 (16... Bxh3 $1 $15 17. gxh3 Qc8) 17. Qd1 $14 Qd7 18. Bf1 Bf5 19. Nd5 Nxd5 20. cxd5 axb5 21. Qb3 Qe7 22. Qxb5 Rab8 ({Black should try} 22... Rec8) 23. Rc2 ({Better is} 23. Qb3) 23... Nh7 $16 24. Rac1 Rec8 25. Ba3 Nf6 26. Be2 g5 27. Nf1 ({White should play} 27. Qb1 $14) 27... g4 $11 28. hxg4 Nxg4 29. Nh2 Nxh2 (29... Nf6 $11 {keeps the balance.}) 30. Kxh2 $16 Bh6 31. Bb4 (31. Qb1 $16) 31... Kh8 $14 32. Bf1 Bg4 33. Be1 f5 {Threatening ...f4.} 34. a6 $2 (34. Bd2 $11) 34... bxa6 $19 35. Qxa6 (35. Qa5 {is a better defense.}) 35... f4 36. Bd2 {[#]} h3 $1 {[%mdl 512] White must now prevent ...hxg2.} 37. gxh3 $2 (37. g3 fxg3+ 38. fxg3) 37... Qh4 38. Be1 f3 39. Rxc7 Rg8 40. Qxd6 Bxh3 $1 {[%cal Rh3f1] [#]} 41. Qg3 $2 (41. Qe5+ Bg7 42. Qe7 Qxe7 43. Rxe7 Bxf1 44. Ba5) 41... Qxg3+ 42. fxg3 Bxf1 43. Bf2 Bg2 44. R1c6 (44. Re7 $142) 44... Bg5 {And now ...Rb1 would win.} 45. g4 Rb1 46. Rc1 Rxc1 47. Rxc1 Kg7 48. Rc7+ Kf6 {( -> ...Rh8+)} 49. Rh7 Kg6 50. Rh5 Rd8 51. Bh4 Rxd5 (51... Bxh4 $142 52. d6 Rf8 53. Rf5 Rxf5 54. gxf5+ Kxf5 55. d7 Kg4 56. d8=Q Bxd8 57. d5 Bc7+ 58. d6 Bb8 59. Kg1 Kg3 60. d7 f2#) 52. Kg3 Bxh4+ 53. Rxh4 {[%mdl 4096] Endgame KRB-KR} Ra5 54. Rh8 Ra3 55. Kf2 Ra2+ 56. Kg3 Bf1 {Black mates.} 57. d5 Rg2+ 58. Kf4 f2 {Accuracy: White = 27%, Black = 66%.} 0-1

[Event "GAMMA Reykjavik Open 2019"]
[Site "Reykjavik"]
[Date "2019.04.08"]
[Round "1.23"]
[White "Brunello, Sabino"]
[Black "Halldorsson, Jon Arni"]
[Result "1-0"]
[WhiteElo "2534"]
[BlackElo "2163"]
[Annotator "TA"]
[PlyCount "89"]
[EventDate "2019.04.04"]
[EventType "swiss"]
[EventCountry "ISL"]
[SourceTitle "playchess.com"]
[Source "ChessBase"]
[SourceQuality "1"]

{[%evp 16,89,14,2,31,31,25,17,17,4,25,0,39,38,56,58,43,46,37,37,42,10,45,39,50,49,47,28,36,35,24,22,53,70,66,61,102,99,97,58,71,83,77,38,78,54,65,62,104,98,118,71,136,107,108,48,61,66,112,33,110,81,114,104,165,117,176,179,177,178,188,182,199,203,222,207]} 1. d4 d5 2. c4 c6 3. Nf3 Nf6 4. Qb3 dxc4 5. Qxc4 Bf5 6. g3 e6 7. Bg2 Nbd7 8. O-O Be7 9. e3 h6 {D23: Queen's Gambit Accepted: 3 Nf3 Nf6 sidelines} (9... O-O 10. Rd1 Qc7 11. Qe2 e5 12. Nc3 e4 13. Nd2 Bg4 14. f3 exf3 15. Nxf3 c5 16. h3 {½-½ (16) Berkes,F (2676)-Stevic,H (2585) Schwarzach 2018}) 10. Rd1 O-O 11. Qe2 Qa5 {The position is equal.} 12. Bd2 Qb6 13. Nc3 Rfe8 $146 (13... Bc2 $5 {[%cal Rc2d1]}) ({Predecessor:} 13... Bc2 14. Rdc1 Bh7 15. e4 Rfd8 16. Rd1 a5 17. Rac1 {½-½ (39) Dos Santos,M (2433)-Siefring,C (2450) ICCF email 2011}) 14. e4 Bh7 15. Ne1 Qxd4 {[#]} 16. Bxh6 $1 {[%mdl 512]} Qb6 (16... gxh6 17. Rxd4) 17. Be3 Qa5 18. Nf3 e5 19. Ng5 Bg6 20. h4 Bc5 21. Bd2 Bh5 22. Bf3 Bxf3 23. Qxf3 Qd8 24. Na4 Bd4 25. Qb3 Qe7 26. Qxb7 c5 27. Qb3 Ng4 28. Be1 Rab8 29. Qf3 Ngf6 30. Bc3 Rec8 31. Rac1 Nf8 {[%cal Bd7f8,Bf8e6,Be6d4][%mdl 32]} 32. b3 Ne6 33. Bd2 Nd7 (33... c4 $142) 34. Nc3 Bxc3 35. Rxc3 $40 {[%mdl 128] White is up to no good.} (35. Qxc3 $16 Nd4 36. Qd3) 35... Nd4 $1 $14 {[%cal Rd4f3]} 36. Qd3 ({But not} 36. Qh5 $2 Nf6 $19) 36... Rc6 37. Nf3 (37. Kg2 $16) 37... Re8 (37... Rf6 $14 38. Ng5 Qd6) 38. Rcc1 Rd6 39. Bc3 Rf6 (39... Nf8 $16 {was worth a try.}) 40. Ng5 ({Worse is} 40. Nxd4 exd4 41. f4 Rg6 $15) 40... Rd6 (40... Nf8 $16) 41. Bxd4 $18 {White is clearly better.} Rxd4 42. Qc2 Nb6 43. Nf3 Rxd1+ 44. Qxd1 a5 45. Qe2 {Accuracy: White = 61%, Black = 33%.} 1-0

[Event "GAMMA Reykjavik Open 2019"]
[Site "Reykjavik"]
[Date "2019.04.08"]
[Round "1.24"]
[White "Bjornsson, Tomas"]
[Black "Sadzikowski, Daniel"]
[Result "0-1"]
[WhiteElo "2156"]
[BlackElo "2523"]
[Annotator "TA"]
[PlyCount "100"]
[EventDate "2019.04.04"]
[EventType "swiss"]
[EventCountry "ISL"]
[SourceTitle "playchess.com"]
[Source "ChessBase"]
[SourceQuality "1"]

{[%evp 21,100,0,9,-7,0,0,0,-4,0,0,0,0,37,42,68,57,118,60,65,65,68,59,70,70,64,53,96,20,21,0,0,0,0,0,0,0,0,0,0,0,0,0,0,0,0,0,0,0,0,0,0,0,0,0,0,0,0,-161,-171,-132,-16,-16,-16,-16,-16,-16,-16,-31,-21,-12,-8,-31,-31,-31,-31,-56,-48,-91,-91,-29982,-29983]} 1. d4 Nf6 2. Nf3 e6 3. c4 d5 4. g3 Nbd7 5. Nbd2 Be7 6. Bg2 O-O 7. O-O b6 8. b3 Bb7 9. Bb2 c5 10. cxd5 exd5 11. dxc5 bxc5 12. Ne5 {E17: Queen's Indian: 4 g3 Bb7 5 Bg2 Be7} Nxe5 13. Bxe5 Qb6 14. Qc2 {The position is equal.} Rfe8 (14... Rfd8 15. Rac1 Rac8 16. Bxf6 Bxf6 {0-1 (72) Czebe,A (2473)-Papp,G (2583) Hungary 2016}) 15. Rfe1 $146 ({Predecessor:} 15. e3 a5 16. Rab1 Nd7 17. Ba1 Bf6 18. Bxf6 Nxf6 {½-½ (75) Znamenacek,K (2296)-Malinovsky,K (2353) Czechia 2009}) 15... Ng4 16. Bb2 c4 17. e3 $1 Bf6 18. Bxf6 $1 Qxf6 {[#]} (18... cxb3 $1 $14 19. Qf5 (19. Qxb3 Nxf6 20. Qxb6 axb6 $14) (19. Nxb3 Qxf6 20. Nd4 Rad8 $14) 19... Nxf6) 19. Nf3 (19. Nxc4 $1 $16 {[%mdl 512]} Rab8 (19... dxc4 20. Bxb7) 20. Na5) 19... Rac8 20. h3 Ne5 21. Nxe5 Qxe5 22. bxc4 Rxc4 23. Qb3 Bc8 24. Rac1 ({White should play} 24. Rad1 $16) 24... Be6 $11 25. Qb5 {[%cal Rb5e8]} Rb8 26. Qa5 Qb2 27. Rb1 Qxb1 28. Rxb1 Rxb1+ 29. Kh2 {[%cal Ra5d8]} g6 {aiming for ...Rb2.} 30. Bxd5 Rc2 31. g4 Rxf2+ 32. Kg3 Re2 33. Bxe6 {And now Qd8+ would win.} Rxe3+ {[%mdl 64] Double Attack} ({Don't go for} 33... fxe6 $2 34. Qd8+ Kf7 35. Qd7+ Kf8 36. Qxh7 $18) 34. Kh4 Rxe6 {[%mdl 4096] Endgame KQ-KRR} 35. Qd8+ Kg7 {...Rbe1 is the strong threat.} 36. Qd4+ Kf8 37. Qc5+ Re7 {Hoping for ...Rbe1.} 38. Qd4 {[%cal Rd4h8]} Re6 39. Qd8+ $2 (39. Qc5+ $11 Kg8 40. Qc8+ Kg7 41. Qc3+ Kg8 42. Qc8+ Kg7 43. Qc3+ Kf8 44. Qc5+) 39... Re8 $19 40. Qd4 {[#]} Kg8 ({Black should try} 40... Rb5 $1 $17 {Strongly threatening ...Kg8.} 41. Qh8+ Ke7) 41. Kg5 $1 $11 Rb6 42. Kh6 {[%csl Gh6][%cal Rd4g7] [#]} g5+ $1 43. Kxg5 Reb8 44. a4 Rg6+ 45. Kh5 a6 46. Qe5 Rc8 47. Qd4 h6 48. h4 Rc2 49. Qd8+ Kh7 {White must now prevent ...Rg5+!} 50. Qd5 $2 {[%mdl 8192] [#]} (50. g5 $17) 50... Rg5+ $1 {[%mdl 576] Decoy. Accuracy: White = 54%, Black = 56%.} 0-1

[Event "GAMMA Reykjavik Open 2019"]
[Site "Reykjavik"]
[Date "2019.04.08"]
[Round "1.25"]
[White "Hjartarson, Johann"]
[Black "Laustsen, Lars"]
[Result "1-0"]
[WhiteElo "2520"]
[BlackElo "2155"]
[Annotator "TA"]
[PlyCount "73"]
[EventDate "2019.04.04"]
[EventType "swiss"]
[EventCountry "ISL"]
[SourceTitle "playchess.com"]
[Source "ChessBase"]
[SourceQuality "1"]

{[%evp 13,73,1,17,0,0,6,30,35,28,39,34,38,52,48,74,39,37,-5,43,43,48,34,29,16,50,14,38,-14,45,18,87,64,89,84,99,52,78,83,162,104,202,131,126,118,374,372,352,352,455,454,499,462,647,635,1148,1141,961,779,2215,2231,2188,2167]} 1. e4 c5 2. Ne2 d6 3. g3 g6 4. Bg2 Bg7 5. O-O Nc6 6. c3 e5 7. d3 Nge7 8. a3 {[%cal Ba2a3,Ba3b4][%mdl 32] B20: Sicilian: Unusual White 2nd moves} O-O 9. b4 cxb4 $146 ({Predecessor:} 9... b6 10. Nd2 Rb8 11. Nc4 a6 12. Ne3 {½-½ (12) Delgado Ramirez,N (2611)-Matsuura,E (2485) Blumenau 2018}) 10. axb4 {White has an edge.} b5 11. Na3 Rb8 12. Bg5 Bg4 13. Nc2 Qc7 14. h3 Be6 15. Ra3 h6 16. Bxe7 Nxe7 17. Qa1 Ra8 18. Ne3 Qd7 19. h4 h5 20. f4 (20. Ra5 $14) 20... Bh6 (20... a5 $1 $11) 21. d4 Rfc8 (21... Nc8 $11 {keeps the balance.}) 22. Kh2 Rc7 23. Qe1 Rf8 24. Qf2 exf4 25. Nxf4 Bc4 {[#]} (25... Qc8 $16 {was called for.}) 26. Rfa1 (26. Bh3 $1 $18 {[%cal Rh3d7]} Qe8 27. Rfa1) 26... Bxf4 (26... Be6 $16 {might work better.}) 27. Qxf4 Nc8 28. g4 Qe7 $2 {[%mdl 8192]} (28... hxg4 $16 {was necessary.} 29. Nxg4 Qd8) 29. gxh5 $18 Kg7 30. Bf3 Nb6 31. Rg1 {[#] aiming for Nf5+.White is clearly winning.} Kh7 32. Rg5 Rg8 (32... Be6 $142 33. Rxb5 Nc4) 33. Ng4 f5 34. hxg6+ Rxg6 35. Rxg6 {[%csl Gg4,Gg6][%cal Rf4h6]} Qxh4+ 36. Kg2 {Intending Rh6+ and mate.} fxg4 37. Rxg4 {Accuracy: White = 47%, Black = 26%.} 1-0

[Event "GAMMA Reykjavik Open 2019"]
[Site "Reykjavik"]
[Date "2019.04.08"]
[Round "1.26"]
[White "Abrahams, Daniel"]
[Black "Kanarek, Marcel"]
[Result "1-0"]
[WhiteElo "2143"]
[BlackElo "2505"]
[Annotator "ChessBase"]
[PlyCount "81"]
[EventDate "2019.04.04"]
[EventType "swiss"]
[EventCountry "ISL"]
[SourceTitle "playchess.com"]
[Source "ChessBase"]
[SourceQuality "1"]
[TimeControl "40/5400+30:1800+30"]

1. c4 {[%emt 0:00:00]} g6 {[%emt 0:00:00]} 2. Nc3 {[%emt 0:00:00]} Bg7 {[%emt 0:00:00]} 3. g3 {[%emt 0:00:00]} Nf6 {[%emt 0:00:26]} 4. Bg2 {[%emt 0:00:06]} O-O {[%emt 0:00:10]} 5. Nf3 {[%emt 0:00:03]} d6 {[%emt 0:01:15]} 6. O-O {[%emt 0:00:06]} c5 {[%emt 0:00:14]} 7. a3 {[%emt 0:00:55]} Nc6 {[%emt 0:00:24]} 8. Rb1 {[%emt 0:00:12]} a5 {[%emt 0:02:34]} 9. d3 {[%emt 0:01:17]} Bd7 {[%emt 0:06:40]} 10. Bg5 {[%emt 0:06:55]} h6 {[%emt 0:03:10]} 11. Bd2 {[%emt 0:02:21]} Ne8 {[%emt 0:07:25]} 12. Ne1 {[%emt 0:02:44]} Nc7 {[%emt 0:00:58]} 13. Nc2 {[%emt 0:00:16]} a4 {[%emt 0:17:19]} 14. Ne3 {[%emt 0:03:38]} Na5 {[%emt 0:02:22]} 15. Nxa4 {[%emt 0:02:07]} Nxc4 {[%emt 0:03:20]} 16. dxc4 {[%emt 0:00:26]} Bxa4 {[%emt 0:00:35]} 17. Qc1 {[%emt 0:00:05]} Bc6 {[%emt 0:17:05]} 18. Nd5 {[%emt 0:01:10]} Bxd5 {[%emt 0:01:56]} 19. cxd5 {[%emt 0:01:39]} h5 {[%emt 0:01:27]} 20. f4 {[%emt 0:11:18]} Nb5 {[%emt 0:07:05]} 21. e3 {[%emt 0:00:12]} Qd7 {[%emt 0:05:49]} 22. Qc2 {[%emt 0:03:59]} Rfc8 {[%emt 0:03:13]} 23. f5 {[%emt 0:00:49]} g5 {[%emt 0:00:25]} 24. Qd1 {[%emt 0:01:09]} g4 {[%emt 0:02:05]} 25. h3 {[%emt 0:01:49]} c4 {[%emt 0:02:15]} 26. hxg4 {[%emt 0:00:44]} hxg4 {[%emt 0:02:10]} 27. Qxg4 {[%emt 0:00:45]} c3 {[%emt 0:01:37]} 28. bxc3 {[%emt 0:03:58]} Nxc3 {[%emt 0:01:44]} 29. Rb3 {[%emt 0:00:16]} Ra4 {[%emt 0:02:55]} 30. Qh5 {[%emt 0:15:01]} Ne4 {[%emt 0:04:25]} 31. Bxe4 {[%emt 0:09:32]} Rxe4 {[%emt 0:00:01]} 32. Rfb1 {[%emt 0:00:16]} Qa4 {[%emt 0:01:55]} 33. Rxb7 {[%emt 0:13:29]} Qxa3 {[%emt 0:00:02]} 34. Rb8 {[%emt 0:00:16]} Rec4 {[%emt 0:00:33]} 35. f6 {[%emt 0:00:36]} exf6 {[%emt 0:02:00]} 36. R1b7 {[%emt 0:02:03]} Qa1+ {[%emt 0:01:03]} 37. Kf2 {[%emt 0:00:23]} f5 {[%emt 0:00:46]} 38. Qxf7+ {[%emt 0:00:06]} Kh8 {[%emt 0:00:15]} 39. Rb1 {[%emt 0:00:41]} Rxb8 {[%emt 0:01:20]} 40. Rxb8+ {[%emt 0:00:00]} Kh7 {[%emt 0:00:00]} 41. Qxf5+ {[%emt 0:00:56] Bf8 [%emt 00:00:31]} 1-0

[Event "GAMMA Reykjavik Open 2019"]
[Site "Reykjavik"]
[Date "2019.04.08"]
[Round "1.27"]
[White "Tang, Andrew"]
[Black "Briem, Stephan"]
[Result "0-1"]
[WhiteElo "2501"]
[BlackElo "2138"]
[Annotator "RC"]
[PlyCount "70"]
[EventDate "2019.04.04"]
[EventType "swiss"]
[EventCountry "ISL"]
[SourceTitle "playchess.com"]
[Source "ChessBase"]
[SourceQuality "1"]
[TimeControl "40/5400+30:1800+30"]

1. d4 {[%emt 0:00:00]} Nf6 {[%emt 0:00:00]} 2. c4 {[%emt 0:00:00]} e6 {[%emt 0:00:34]} 3. Nc3 {[%emt 0:00:03]} Bb4 {[%emt 0:00:46]} 4. Qc2 {[%emt 0:00:09]} d6 {[%emt 0:01:32]} 5. Nf3 {[%emt 0:00:11]} Nbd7 {[%emt 0:00:51]} 6. g3 {[%emt 0:01:02]} b6 {[%emt 0:01:21]} 7. Bg2 {[%emt 0:01:32]} Bb7 {[%emt 0:00:32]} 8. O-O {[%emt 0:01:08]} Bxc3 {[%emt 0:01:08]} 9. Qxc3 {[%emt 0:00:08]} Qe7 {[%emt 0:01:50]} 10. b3 {[%emt 0:02:59]} O-O {[%emt 0:00:26]} 11. Bb2 {[%emt 0:03:31]} Ne4 {[%emt 0:00:31]} 12. Qc2 {[%emt 0:01:50]} f5 {[%emt 0:00:15]} 13. Rad1 {[%emt 0:05:56]} Rae8 {[%emt 0:02:40]} 14. Ne1 {[%emt 0:15:19]} e5 {[%emt 0:06:27]} 15. d5 {[%emt 0:11:05]} Nec5 {[%emt 0:04:23]} 16. b4 {[%emt 0:02:48]} Na6 {[%emt 0:01:39]} 17. a3 {[%emt 0:01:50]} Bc8 {[%emt 0:08:18]} 18. Nd3 {[%emt 0:09:17]} Nf6 {[%emt 0:04:47]} 19. Qa4 {[%emt 0:11:24]} Nh5 {[%emt 0:08:56]} 20. b5 {[%emt 0:02:22]} e4 {[%emt 0:10:29]} 21. bxa6 {[%emt 0:08:15]} exd3 {[%emt 0:01:32]} 22. exd3 {[%emt 0:00:17]} f4 {[%emt 0:02:45]} 23. Be4 {[%emt 0:07:40]} Qf7 {[%emt 0:09:20]} 24. Qc2 {[%emt 0:02:56]} f3 {[%emt 0:09:33]} 25. Rfe1 {[%emt 0:01:09]} Qd7 {[%emt 0:05:13]} 26. Kh1 {[%emt 0:01:59]} Qh3 {[%emt 0:06:52]} 27. Rg1 {[%emt 0:00:03]} Nf6 {[%emt 0:01:36]} 28. g4 {[%emt 0:00:03]} Nxg4 {[%emt 0:03:30]} 29. Rxg4 {[%emt 0:00:02]} Bxg4 {[%emt 0:00:31]} 30. Rg1 {[%emt 0:00:02]} Re7 {[%emt 0:01:25]} 31. Qc1 {[%emt 0:01:16]} Qh5 {[%emt 0:02:08]} 32. Rg3 {[%emt 0:00:57]} Bh3 {[%emt 0:02:52]} 33. Qc3 {[%emt 0:00:44]} Re5 {[%emt 0:01:02]} 34. Qd2 {[%emt 0:01:04]} Bg2+ {[%emt 0:00:14]} 35. Kg1 {[%emt 0:00:01]} Qxh2+ {[%emt 0:00:12]} 0-1

[Event "GAMMA Reykjavik Open 2019"]
[Site "Reykjavik"]
[Date "2019.04.08"]
[Round "1.28"]
[White "Van de Plassche, Erik"]
[Black "Salomon, Johan"]
[Result "0-1"]
[WhiteElo "2136"]
[BlackElo "2495"]
[Annotator "ChessBase"]
[PlyCount "58"]
[EventDate "2019.04.04"]
[EventType "swiss"]
[EventCountry "ISL"]
[SourceTitle "playchess.com"]
[Source "ChessBase"]
[SourceQuality "1"]
[TimeControl "40/5400+30:1800+30"]

1. d4 {[%emt 0:00:00]} Nf6 {[%emt 0:00:00]} 2. c4 {[%emt 0:00:00]} c5 {[%emt 0:01:18]} 3. d5 {[%emt 0:00:00]} b5 {[%emt 0:00:12]} 4. cxb5 {[%emt 0:01:03]} a6 {[%emt 0:00:08]} 5. Nc3 {[%emt 0:00:37]} axb5 {[%emt 0:03:42]} 6. e4 {[%emt 0:01:16]} b4 {[%emt 0:01:23]} 7. Nb5 {[%emt 0:00:40]} d6 {[%emt 0:01:00]} 8. Bf4 {[%emt 0:01:35]} g5 {[%emt 0:00:06]} 9. Be3 {[%emt 0:13:06]} Nxe4 {[%emt 0:00:08]} 10. Bd3 {[%emt 0:01:01]} Qb6 {[%emt 0:00:06]} 11. Bxe4 {[%emt 0:27:09]} Qxb5 {[%emt 0:00:12]} 12. Bxg5 {[%emt 0:02:40]} h6 {[%emt 0:11:35]} 13. Be3 {[%emt 0:05:22]} Bg7 {[%emt 0:01:41]} 14. Qd2 {[%emt 0:11:39]} Ba6 {[%emt 0:13:52]} 15. Nf3 {[%emt 0:00:52]} Nd7 {[%emt 0:05:19]} 16. Rd1 {[%emt 0:06:47]} Nf6 {[%emt 0:05:19]} 17. Bd3 {[%emt 0:07:20]} Qxd3 {[%emt 0:00:33]} 18. Qxd3 {[%emt 0:00:31]} Bxd3 {[%emt 0:00:07]} 19. Rxd3 {[%emt 0:00:27]} Rxa2 {[%emt 0:00:14]} 20. O-O {[%emt 0:00:58]} Rxb2 {[%emt 0:07:24]} 21. Nh4 {[%emt 0:03:00]} Ra2 {[%emt 0:05:17]} 22. Nf5 {[%emt 0:02:20]} Bf8 {[%emt 0:00:20]} 23. Re1 {[%emt 0:02:40]} Kd7 {[%emt 0:01:05]} 24. h3 {[%emt 0:01:57]} e6 {[%emt 0:07:19]} 25. dxe6+ {[%emt 0:00:36]} fxe6 {[%emt 0:00:13]} 26. Nxd6 {[%emt 0:06:58]} Bxd6 {[%emt 0:00:21]} 27. Bxc5 {[%emt 0:00:01]} Nd5 {[%emt 0:00:44]} 28. Bxd6 {[%emt 0:02:07]} Kxd6 {[%emt 0:00:06]} 29. Rg3 {[%emt 0:00:11]} Rf8 {[%emt 0:00:41]} 0-1

[Event "GAMMA Reykjavik Open 2019"]
[Site "Reykjavik"]
[Date "2019.04.08"]
[Round "1.29"]
[White "Libiszewski, Fabien"]
[Black "Walton, Alan J"]
[Result "1-0"]
[WhiteElo "2488"]
[BlackElo "2132"]
[Annotator "TA"]
[PlyCount "67"]
[EventDate "2019.04.04"]
[EventType "swiss"]
[EventCountry "ISL"]
[SourceTitle "playchess.com"]
[Source "ChessBase"]
[SourceQuality "1"]

{[%evp 9,67,20,20,18,20,18,18,18,18,18,29,34,31,29,32,4,31,16,21,12,35,24,24,17,22,22,25,15,53,14,44,14,28,10,58,60,47,44,106,106,106,129,161,145,141,109,170,160,126,109,209,121,152,141,136,116,250,220,572,566]} 1. e4 e6 2. d4 d5 3. Nd2 Nf6 4. e5 Nfd7 5. f4 c5 6. Ngf3 {C05: French Tarrasch: 3...Nf6 4 e5 Nfd7, 5 f4 and 5 Bd3 sidelines} b6 (6... Nc6 7. Nb3 c4 8. Nbd2 Qa5 9. c3 b5 10. Be2 b4 11. Nb1 Nb6 12. O-O Bd7 13. Kh1 Be7 14. Bd2 Rb8 15. cxb4 Nxb4 {1-0 (37) Mamedov,R (2659)-Wang,H (2729) Dubai 2014}) 7. Bb5 a6 8. Bd3 $146 {The position is equal.} ({Predecessor:} 8. Be2 Nc6 9. c3 Bb7 10. Nf1 b5 11. Ne3 g6 12. O-O Qe7 13. Bd2 Bg7 {1-0 (28) Riff,J (2479)-Hasenohr,B (2300) Switzerland 2018}) 8... cxd4 9. Nb3 Nc6 10. Nbxd4 Nxd4 11. Nxd4 Nc5 12. Qg4 f5 13. Qe2 Nxd3+ 14. cxd3 Bd7 15. Be3 Bb4+ 16. Kf2 O-O 17. a3 Be7 18. Rhc1 g5 19. b4 gxf4 20. Bxf4 a5 21. Qb2 Bg5 22. Qd2 $36 {[%mdl 2048] White is more active.} Be7 23. Kg1 axb4 (23... Rf7 $14) 24. axb4 $16 Rxa1 25. Rxa1 Qb8 {[#]} 26. Nf3 $1 Rf7 27. Bg5 Qf8 (27... Bf8 $16) 28. Bxe7 Rxe7 29. Ra6 Rg7 (29... b5 $16) 30. Qc3 (30. Rxb6 $18 Qa8 31. d4) 30... Qd8 {[#]} 31. Qa1 $1 Bc6 32. Qd4 Bb5 (32... Rb7 $16 {keeps fighting.}) 33. Rxb6 $18 ({Resist} 33. Qxb6 $6 Qxb6+ 34. Rxb6 Bxd3) 33... Bxd3 $2 (33... Bd7 34. Rd6 Qa8) 34. Rd6 {Accuracy: White = 67%, Black = 21%.} 1-0